| 000 | 00430nam a22001697a 4500 | ||
|---|---|---|---|
| 005 | 20160627154650.0 | ||
| 008 | 160627b xxu||||| |||| 00| 0 eng d | ||
| 020 | _a81-7273-227-9 | ||
| 041 | _aeng | ||
| 082 | _b10661 | ||
| 100 |
_aSharma, Usha _92976 |
||
| 245 | _aWomen in south Aria Employment Empowerment and Human Development | ||
| 260 |
_bAuthors Press _c2005 |
||
| 300 | _a265 | ||
| 650 |
_aManagement _9241 |
||
| 942 | _cBK | ||
| 999 |
_c4303 _d4302 |
||